[Event "DSJ Weihnachtsturnier U16: Lasker 2020"]
[Site ""]
[Date "2020.12.28"]
[Round "1"]
[White "Hetzner, Hannes"]
[Black "Kvantaliani, Saba"]
[Result "0-1"]
[Termination "normal"]
[Board "11.1"]
[WhiteElo "1983"]
[BlackElo "1535"]
[WhiteTeam "SC Erlangen 48/88"]
[BlackTeam "Schachklub Münster 32 2"]
[PlyCount "128"]
[WhiteFideId "16211936"]
[BlackFideId "16284364"]
[EventRounds "7"]
[EventType "team-swiss"]
[EventDate "2020.12.28"]

1. e4 {[%emt 0:00:00] Restarted W (13.22e) Muenst4-001 reconnected.} c5 { [%emt
0:04:14]} 2. Nf3 {[%emt 0:00:08]} d6 {[%emt 0:00:02]} 3. d4 {[%emt 0:00:02]}
Nf6 {[%emt 0:00:04]} 4. e5 {[%emt 0:00:10]} dxe5 {[%emt 0:00:02]} 5. dxe5
{[%emt 0:00:05]} Qxd1+ {[%emt 0:00:02]} 6. Kxd1 {[%emt 0:00:01]} Ne4 {[%emt
0:00:05]} 7. Be3 {[%emt 0:00:05]} Bg4 {[%emt 0:00:06]} 8. Be2 {[%emt 0:00:21]}
e6 {[%emt 0:00:05]} 9. h3 {[%emt 0:00:16]} Bf5 {[%emt 0:00:11]} 10. Nh4 {[%emt
0:00:32]} Nc6 {[%emt 0:00:13]} 11. g4 {[%emt 0:00:50]} Bg6 {[%emt 0:00:10]} 12.
Bd3 {[%emt 0:00:17]} O-O-O {[%emt 0:00:24]} 13. Ke1 {[%emt 0:00:59]} f5 { [%emt
0:00:34]} 14. Bxe4 {[%emt 0:00:35]} fxe4 {[%emt 0:00:04]} 15. Nxg6 { [%emt
0:00:11]} hxg6 {[%emt 0:00:02]} 16. Bf4 {[%emt 0:00:43]} Nd4 {[%emt 0:00:34]}
17. Na3 {[%emt 0:00:22]} c4 {[%emt 0:00:23]} 18. Be3 {[%emt 0:00:34]} Bb4+
{[%emt 0:01:03]} 19. Kf1 {[%emt 0:01:19]} Bxa3 {[%emt 0:00:46]} 20. Bxd4 {
[%emt 0:00:03]} Rxd4 {[%emt 0:00:02]} 21. bxa3 {[%emt 0:00:01]} Rhd8 {[%emt
0:00:04]} 22. Re1 {[%emt 0:00:17]} R8d5 {[%emt 0:00:09]} 23. Re2 {[%emt
0:00:30]} Rxe5 {[%emt 0:00:12]} 24. f4 {[%emt 0:00:25]} Ra5 {[%emt 0:00:12]}
25. Kf2 { [%emt 0:00:02]} Rxa3 {[%emt 0:00:03]} 26. Ra1 {[%emt 0:00:07]} Rxh3
{[%emt 0:00:03]} 27. Kg2 {[%emt 0:00:14]} Rf3 {[%emt 0:00:08]} 28. Rxe4 {[%emt
0:00:13]} Rxf4 {[%emt 0:00:14]} 29. Rxf4 {[%emt 0:00:20]} Rxf4 {[%emt 0:00:02]}
30. Kg3 { [%emt 0:00:02]} Rd4 {[%emt 0:00:03]} 31. Re1 {[%emt 0:00:06]} Kd7
{[%emt 0:00:03]} 32. Re2 {[%emt 0:00:09]} c3 {[%emt 0:00:02]} 33. Re3 {[%emt
0:00:09]} Rc4 {[%emt 0:00:04]} 34. Kh4 {[%emt 0:00:09]} a5 {[%emt 0:00:04]} 35.
Kg5 {[%emt 0:00:02]} b5 {[%emt 0:00:04]} 36. Rg3 {[%emt 0:00:13]} a4 {[%emt
0:00:06]} 37. a3 {[%emt 0:00:15]} b4 {[%emt 0:00:11]} 38. axb4 {[%emt 0:00:01]}
a3 {[%emt 0:00:01]} 39. Rg1 {[%emt 0:00:12]} Rxb4 {[%emt 0:00:02]} 40. Ra1
{[%emt 0:00:05]} Ra4 {[%emt 0:00:01]} 41. Kxg6 {[%emt 0:00:03]} Rxg4+ {[%emt
0:00:03]} 42. Kf7 { [%emt 0:00:05]} Rg2 {[%emt 0:00:07]} 43. Rxa3 {[%emt
0:00:07]} Rxc2 {[%emt 0:00:02]} 44. Kxg7 {[%emt 0:00:03]} Kd6 {[%emt 0:00:01]}
45. Kf6 {[%emt 0:00:01]} Rf2+ {[%emt 0:00:02]} 46. Kg5 {[%emt 0:00:02]} c2
{[%emt 0:00:00]} 47. Rd3+ { [%emt 0:00:02]} Ke5 {[%emt 0:00:02]} 48. Rc3 {[%emt
0:00:01]} Kd4 {[%emt 0:00:02]} 49. Rc6 {[%emt 0:00:02]} e5 {[%emt 0:00:02]} 50.
Kg4 {[%emt 0:00:01]} e4 { [%emt 0:00:01]} 51. Kg3 {[%emt 0:00:01]} e3 {[%emt
0:00:01]} 52. Rd6+ {[%emt 0:00:01]} Kc3 {[%emt 0:00:02]} 53. Rc6+ {[%emt
0:00:01]} Kb2 {[%emt 0:00:01]} 54. Rb6+ {[%emt 0:00:02]} Ka3 {[%emt 0:00:03]}
55. Ra6+ {[%emt 0:00:01]} Kb4 { [%emt 0:00:01]} 56. Rc6 {[%emt 0:00:01]} Kb3
{[%emt 0:00:06]} 57. Rb6+ { [%emt 0:00:01]} Kc3 {[%emt 0:00:02]} 58. Rc6+
{[%emt 0:00:01]} Kd2 {[%emt 0:00:01]} 59. Rd6+ {[%emt 0:00:01]} Ke2 {[%emt
0:00:01]} 60. Rc6 {[%emt 0:00:02]} Ke1 {[%emt 0:00:01]} 61. Rc8 {[%emt
0:00:05]} Rd2 {[%emt 0:00:02]} 62. Kf3 { [%emt 0:00:03]} e2 {[%emt 0:00:02]}
63. Rh8 {[%emt 0:00:05]} Kd1 {[%emt 0:00:02]} 64. Rh1+ {[%emt 0:00:08]} e1=Q
{[%emt 0:00:02]} 0-1

[Event "DSJ Weihnachtsturnier U16: Lasker 2020"]
[Site ""]
[Date "2020.12.28"]
[Round "1"]
[White "Bergeret Busse, Julian"]
[Black "Zeltner, Richard"]
[Result "1/2-1/2"]
[Termination "normal"]
[Board "11.2"]
[WhiteElo "1465"]
[BlackElo "1599"]
[WhiteTeam "Schachklub Münster 32 2"]
[BlackTeam "SC Erlangen 48/88"]
[PlyCount "126"]
[WhiteFideId "16298446"]
[BlackFideId "12972703"]
[EventRounds "7"]
[EventType "team-swiss"]
[EventDate "2020.12.28"]

1. e4 {[%emt 0:00:11]} g6 {[%emt 0:00:06]} 2. d4 {[%emt 0:00:04]} Bg7 {[%emt
0:00:03]} 3. c4 {[%emt 0:00:07]} d6 {[%emt 0:00:02]} 4. Nc3 {[%emt 0:00:04]}
Nc6 {[%emt 0:00:02]} 5. Nf3 {[%emt 0:00:03]} e5 {[%emt 0:00:02]} 6. d5 {[%emt
0:00:03]} Nce7 {[%emt 0:00:02]} 7. Be3 {[%emt 0:00:09]} f5 {[%emt 0:00:10]} 8.
Bd3 { [%emt 0:00:03]} Nf6 {[%emt 0:00:28]} 9. Qc2 {[%emt 0:00:20]} f4 {[%emt
0:00:16] } 10. Bd2 {[%emt 0:00:06]} O-O {[%emt 0:00:07]} 11. O-O-O {[%emt
0:00:05]} Bd7 {[%emt 0:00:28]} 12. h3 {[%emt 0:00:13]} a5 {[%emt 0:00:13]} 13.
g3 {[%emt 0:00:09]} fxg3 {[%emt 0:00:09]} 14. fxg3 {[%emt 0:00:01]} Nfxd5
{[%emt 0:00:50]} 15. Nxd5 {[%emt 0:00:33]} Nxd5 {[%emt 0:00:03]} 16. Nxe5
{[%emt 0:00:12]} Bxe5 {[%emt 0:00:03]} 17. exd5 {[%emt 0:00:07]} Bxg3 {[%emt
0:00:15]} 18. Rdg1 { [%emt 0:00:16]} Be5 {[%emt 0:00:08]} 19. Bxg6 {[%emt
0:00:08]} Kh8 {[%emt 0:00:26]} 20. Bxh7 {[%emt 0:00:32]} Qf6 {[%emt 0:00:14]}
21. Bg5 {[%emt 0:01:52]} Bf4+ {[%emt 0:00:17]} 22. Bxf4 {[%emt 0:00:16]} Qxf4+
{[%emt 0:00:02]} 23. Kd1 {[%emt 0:00:15]} Qf3+ {[%emt 0:01:59]} 24. Kc1 {[%emt
0:00:08]} Qf4+ {[%emt 0:00:25]} 25. Kb1 {[%emt 0:00:06]} Bf5 {[%emt 0:00:06]}
26. Bxf5 {[%emt 0:00:05]} Qxf5 {[%emt 0:00:06]} 27. h4 {[%emt 0:00:17]} Qxc2+
{[%emt 0:00:06]} 28. Kxc2 { [%emt 0:00:01]} Rf2+ {[%emt 0:00:01]} 29. Kc3
{[%emt 0:00:02]} Raf8 {[%emt 0:00:05]} 30. Rg3 {[%emt 0:00:06]} Kh7 {[%emt
0:00:15]} 31. a3 {[%emt 0:00:17]} Kh6 {[%emt 0:00:15]} 32. h5 {[%emt 0:00:14]}
R8f3+ {[%emt 0:00:37]} 33. Rxf3 { [%emt 0:00:06]} Rxf3+ {[%emt 0:00:02]} 34.
Kd4 {[%emt 0:00:13]} Rf4+ {[%emt 0:00:16]} 35. Kd3 {[%emt 0:00:09]} Rf3+ {[%emt
0:00:02]} 36. Kc2 {[%emt 0:00:15]} Rf5 {[%emt 0:00:20]} 37. b4 {[%emt 0:00:10]}
a4 {[%emt 0:00:08]} 38. Kc3 { [%emt 0:00:23]} Rf3+ {[%emt 0:00:02]} 39. Kb2
{[%emt 0:00:03]} Rb3+ {[%emt 0:00:05]} 40. Ka2 {[%emt 0:00:04]} Rc3 {[%emt
0:00:01]} 41. Rh4 {[%emt 0:00:24]} Kg5 {[%emt 0:00:16]} 42. h6 {[%emt 0:00:16]}
Kxh4 {[%emt 0:00:14]} 43. h7 { [%emt 0:00:09]} Kg4 {[%emt 0:00:02]} 44. h8=Q
{[%emt 0:00:03]} Rxc4 {[%emt 0:00:03]} 45. Qc8+ {[%emt 0:00:12]} Kf4 {[%emt
0:00:05]} 46. Qxb7 {[%emt 0:00:07] } Ke3 {[%emt 0:00:06]} 47. Qb5 {[%emt
0:00:17]} Kd4 {[%emt 0:00:07]} 48. Qxa4 { [%emt 0:00:11]} Kxd5 {[%emt 0:00:02]}
49. Qb3 {[%emt 0:00:13]} Kd4 {[%emt 0:00:03]} 50. Kb2 {[%emt 0:00:10]} d5
{[%emt 0:00:05]} 51. Qd1+ {[%emt 0:00:15]} Ke4 {[%emt 0:00:05]} 52. b5 {[%emt
0:00:14]} d4 {[%emt 0:00:21]} 53. Qe2+ {[%emt 0:00:17]} Kd5 {[%emt 0:00:03]}
54. Kb3 {[%emt 0:00:14]} Rc3+ {[%emt 0:00:02]} 55. Kb4 {[%emt 0:00:03]} c5+
{[%emt 0:00:27]} 56. Ka4 {[%emt 0:00:05]} Rc4+ { [%emt 0:00:03]} 57. Qxc4+
{[%emt 0:00:03]} Kxc4 {[%emt 0:00:02]} 58. b6 { [%emt 0:00:01]} d3 {[%emt
0:00:01]} 59. b7 {[%emt 0:00:02]} d2 {[%emt 0:00:01]} 60. b8=Q {[%emt 0:00:02]}
d1=Q+ {[%emt 0:00:02]} 61. Ka5 {[%emt 0:00:03]} Qd2+ {[%emt 0:00:03]} 62. Ka6
{[%emt 0:00:04] Muenst4-002 offers a draw} Qc3 { [%emt 0:00:09]} 63. Qb5+
{[%emt 0:00:03]} Kd4 {[%emt 0:00:20]} 1/2-1/2

[Event "DSJ Weihnachtsturnier U16: Lasker 2020"]
[Site ""]
[Date "2020.12.28"]
[Round "1"]
[White "Kieppe, Mio"]
[Black "Wu, Wilfried"]
[Result "0-1"]
[Termination "normal"]
[Board "11.4"]
[WhiteElo "1060"]
[BlackElo "1461"]
[WhiteTeam "Schachklub Münster 32 2"]
[BlackTeam "SC Erlangen 48/88"]
[PlyCount "40"]
[BlackFideId "16260775"]
[EventRounds "7"]
[EventType "team-swiss"]
[EventDate "2020.12.28"]

1. e4 {[%emt 0:00:06] OK} e5 {[%emt 0:00:05]} 2. Bd3 { [%emt 0:00:01]} Nf6
{[%emt 0:00:08]} 3. Nf3 {[%emt 0:00:03]} Nc6 {[%emt 0:00:10]} 4. Nc3 {[%emt
0:00:03]} Bc5 {[%emt 0:00:12]} 5. O-O {[%emt 0:00:12]} d6 { [%emt 0:00:07]} 6.
Bb5 {[%emt 0:00:03]} a6 {[%emt 0:00:16]} 7. Bxc6+ {[%emt 0:00:02]} bxc6 {[%emt
0:00:03]} 8. d3 {[%emt 0:00:12]} h6 {[%emt 0:00:23]} 9. d4 {[%emt 0:00:13]}
exd4 {[%emt 0:00:28]} 10. Nxd4 {[%emt 0:00:09]} Bxd4 {[%emt 0:00:43]} 11. Qxd4
{[%emt 0:00:04]} O-O {[%emt 0:00:06]} 12. Ne2 {[%emt 0:00:09]} Bb7 {[%emt
0:00:36]} 13. Nf4 {[%emt 0:00:22]} c5 {[%emt 0:00:48]} 14. Qe3 { [%emt
0:00:37]} Re8 {[%emt 0:00:14]} 15. Qb3 {[%emt 0:00:33]} Rb8 {[%emt 0:00:39]}
16. Re1 {[%emt 0:00:11]} Bxe4 {[%emt 0:00:25]} 17. Ng6 {[%emt 0:00:21]} Bxg6
{[%emt 0:00:13]} 18. Rxe8+ {[%emt 0:00:14]} Qxe8 {[%emt 0:00:03]} 19. Qd3
{[%emt 0:00:13]} Bxd3 {[%emt 0:00:08]} 20. cxd3 {[%emt 0:00:03]} Qe1# {[%emt
0:00:03]} 0-1

[Event "DSJ Weihnachtsturnier U16: Lasker 2020"]
[Site ""]
[Date "2020.12.28"]
[Round "1"]
[White "Kolkmann, Tom"]
[Black "Boder, Jan"]
[Result "0-1"]
[Termination "normal"]
[Board "12.1"]
[WhiteElo "1560"]
[BlackElo "2146"]
[WhiteTeam "Rhedaer Schachverein von 1931"]
[BlackTeam "SC ML Kastellaun"]
[PlyCount "48"]
[WhiteFideId "34607013"]
[BlackFideId "16243226"]
[EventRounds "7"]
[EventType "team-swiss"]
[EventDate "2020.12.28"]

1. e4 {[%emt 0:00:24]} c5 {[%emt 0:00:02]} 2. Nf3 {[%emt 0:00:05]} g6 {[%emt
0:00:08]} 3. d4 {[%emt 0:00:08]} cxd4 {[%emt 0:00:00]} 4. Nxd4 {[%emt 0:00:03]}
Nc6 {[%emt 0:00:13]} 5. Be3 {[%emt 0:00:03]} Bg7 {[%emt 0:00:11]} 6. c3 { [%emt
0:00:48]} Nf6 {[%emt 0:00:07]} 7. Nd2 {[%emt 0:00:19]} O-O {[%emt 0:00:07]} 8.
f4 {[%emt 0:00:16]} d5 {[%emt 0:00:20]} 9. exd5 {[%emt 0:01:34]} Nxd5 { [%emt
0:00:06]} 10. Qf3 {[%emt 0:00:34]} Bg4 {[%emt 0:00:15]} 11. Qf2 {[%emt
0:01:09]} Re8 {[%emt 0:00:47]} 12. h3 {[%emt 0:00:08]} Bd7 {[%emt 0:00:06]} 13.
O-O-O {[%emt 0:00:12]} Qa5 {[%emt 0:00:09]} 14. Kb1 {[%emt 0:00:24]} Nxe3 {
[%emt 0:02:14]} 15. Qxe3 {[%emt 0:00:40]} e5 {[%emt 0:00:13]} 16. N4b3 { [%emt
0:00:21]} Qc7 {[%emt 0:00:16]} 17. Bc4 {[%emt 0:01:23]} exf4 {[%emt 0:00:07]}
18. Qf2 {[%emt 0:00:27]} Bf5+ {[%emt 0:00:17]} 19. Kc1 {[%emt 0:00:21]} Ne5
{[%emt 0:00:11]} 20. Be2 {[%emt 0:00:29]} Rad8 {[%emt 0:00:40]} 21. Nf3 { [%emt
0:00:31]} Nxf3 {[%emt 0:00:15]} 22. Bxf3 {[%emt 0:00:08]} Bxc3 {[%emt 0:00:05]}
23. bxc3 {[%emt 0:00:02]} Qxc3+ {[%emt 0:00:00]} 24. Qc2 {[%emt 0:00:01]} Qxc2#
{[%emt 0:00:03]} 0-1

[Event "DSJ Weihnachtsturnier U16: Lasker 2020"]
[Site ""]
[Date "2020.12.28"]
[Round "1"]
[White "Ohler, Julius"]
[Black "Schirneck, Ethan"]
[Result "1-0"]
[Termination "normal"]
[Board "12.2"]
[WhiteElo "2010"]
[BlackElo "1435"]
[WhiteTeam "SC ML Kastellaun"]
[BlackTeam "Rhedaer Schachverein von 1931"]
[PlyCount "69"]
[WhiteFideId "16238982"]
[BlackFideId "34625593"]
[EventRounds "7"]
[EventType "team-swiss"]
[EventDate "2020.12.28"]

1. d4 {[%emt 0:00:05]} d5 {[%emt 0:00:03]} 2. Nf3 {[%emt 0:00:07]} Bf5 { [%emt
0:00:05]} 3. c4 {[%emt 0:00:04]} e6 {[%emt 0:00:01]} 4. Nc3 {[%emt 0:00:03]}
Bb4 {[%emt 0:00:02]} 5. Qb3 {[%emt 0:00:01]} Bxc3+ {[%emt 0:00:06]} 6. bxc3
{[%emt 0:00:06]} b6 {[%emt 0:00:05]} 7. cxd5 {[%emt 0:00:06]} exd5 { [%emt
0:00:08]} 8. e3 {[%emt 0:00:01]} Ne7 {[%emt 0:00:03]} 9. Ba3 {[%emt 0:00:07]}
Nbc6 {[%emt 0:00:06]} 10. Bb5 {[%emt 0:00:11]} a6 {[%emt 0:00:19]} 11. Bxe7
{[%emt 0:00:08]} Qxe7 {[%emt 0:00:02]} 12. Bxc6+ {[%emt 0:00:01]} Kf8 { [%emt
0:00:04]} 13. Bxa8 {[%emt 0:00:01]} g6 {[%emt 0:00:11]} 14. Bxd5 { [%emt
0:00:03]} Kg7 {[%emt 0:00:03]} 15. O-O {[%emt 0:00:03]} Rd8 {[%emt 0:00:03]}
16. Ne5 {[%emt 0:00:03]} Be6 {[%emt 0:00:05]} 17. Bxe6 {[%emt 0:00:02]} fxe6
{[%emt 0:00:02]} 18. Nc6 {[%emt 0:00:02]} Qd6 {[%emt 0:00:16]} 19. Nxd8 { [%emt
0:00:02]} Qxd8 {[%emt 0:00:02]} 20. Qxe6 {[%emt 0:00:01]} Qg5 {[%emt 0:00:03]}
21. Qe5+ {[%emt 0:00:02]} Qxe5 {[%emt 0:00:02]} 22. dxe5 {[%emt 0:00:00]} Kf7
{[%emt 0:00:14]} 23. f4 {[%emt 0:00:01]} Ke6 {[%emt 0:00:13]} 24. e4 { [%emt
0:00:01]} c5 {[%emt 0:00:03]} 25. Rad1 {[%emt 0:00:02]} a5 {[%emt 0:00:05]} 26.
Rd6+ {[%emt 0:00:01]} Ke7 {[%emt 0:00:01]} 27. f5 {[%emt 0:00:01]} gxf5 {[%emt
0:00:02]} 28. exf5 {[%emt 0:00:00]} Kf7 {[%emt 0:00:01]} 29. Rd7+ { [%emt
0:00:02]} Ke8 {[%emt 0:00:01]} 30. e6 {[%emt 0:00:01]} Kf8 {[%emt 0:00:01]} 31.
f6 {[%emt 0:00:01]} Ke8 {[%emt 0:00:01]} 32. f7+ {[%emt 0:00:01]} Kf8 {[%emt
0:00:01]} 33. Rd8+ {[%emt 0:00:01]} Ke7 {[%emt 0:00:02]} 34. f8=Q+ { [%emt
0:00:00]} Kxe6 {[%emt 0:00:01]} 35. Re1# {[%emt 0:00:01]} 1-0

[Event "DSJ Weihnachtsturnier U16: Lasker 2020"]
[Site ""]
[Date "2020.12.28"]
[Round "1"]
[White "Rommel, Kevin"]
[Black "Hoffmann, Tom"]
[Result "1-0"]
[Termination "normal"]
[Board "12.3"]
[WhiteElo "1291"]
[BlackElo "1296"]
[WhiteTeam "Rhedaer Schachverein von 1931"]
[BlackTeam "SC ML Kastellaun"]
[PlyCount "45"]
[WhiteFideId "34640185"]
[BlackFideId "16288726"]
[EventRounds "7"]
[EventType "team-swiss"]
[EventDate "2020.12.28"]

1. e4 {[%emt 0:00:04]} c5 {[%emt 0:00:06]} 2. Nc3 {[%emt 0:00:05]} Nc6 { [%emt
0:00:02]} 3. Nf3 {[%emt 0:00:06]} e5 {[%emt 0:00:41]} 4. Bc4 {[%emt 0:00:07]}
d6 {[%emt 0:01:08]} 5. d3 {[%emt 0:00:05]} Nf6 {[%emt 0:00:23]} 6. Ng5 { [%emt
0:00:31]} Be6 {[%emt 0:00:23]} 7. Nxe6 {[%emt 0:00:21]} fxe6 {[%emt 0:00:14]}
8. Bxe6 {[%emt 0:00:20]} Nd4 {[%emt 0:00:03]} 9. Bb3 {[%emt 0:00:11]} Nxb3
{[%emt 0:00:05]} 10. axb3 {[%emt 0:00:07]} Be7 {[%emt 0:00:03]} 11. O-O { [%emt
0:00:18]} O-O {[%emt 0:00:03]} 12. Bg5 {[%emt 0:00:21]} h6 {[%emt 0:01:46]} 13.
Bxf6 {[%emt 0:00:11]} Bxf6 {[%emt 0:00:05]} 14. Nd5 {[%emt 0:00:15]} b5 {[%emt
0:00:32]} 15. Qg4 {[%emt 0:00:16]} Qc8 {[%emt 0:00:18]} 16. Qxc8 { [%emt
0:00:14]} Rfxc8 {[%emt 0:00:10]} 17. Ra6 {[%emt 0:00:09]} Rd8 {[%emt 0:00:08]}
18. Rfa1 {[%emt 0:00:12]} Rd7 {[%emt 0:00:10]} 19. Nb6 {[%emt 0:00:11]} Rdd8
{[%emt 0:00:08]} 20. Nxa8 {[%emt 0:00:38]} Rxa8 {[%emt 0:00:03]} 21. Rxa7
{[%emt 0:00:09]} Rxa7 {[%emt 0:00:05]} 22. Rxa7 {[%emt 0:00:03]} b4 {[%emt
0:00:01]} 23. Rd7 {[%emt 0:00:14] Kastell2-003 gibt auf} 1-0

[Event "DSJ Weihnachtsturnier U16: Lasker 2020"]
[Site ""]
[Date "2020.12.28"]
[Round "1"]
[White "Nedilko, Marko"]
[Black "Döding, Alexander"]
[Result "1/2-1/2"]
[Termination "normal"]
[Board "12.4"]
[WhiteElo "1407"]
[BlackElo "990"]
[WhiteTeam "SC ML Kastellaun"]
[BlackTeam "Rhedaer Schachverein von 1931"]
[PlyCount "147"]
[WhiteFideId "16266560"]
[BlackFideId "34614940"]
[EventRounds "7"]
[EventType "team-swiss"]
[EventDate "2020.12.28"]

1. e4 {[%emt 0:00:05]} e5 {[%emt 0:00:03]} 2. Nf3 {[%emt 0:00:02]} Nf6 { [%emt
0:00:03]} 3. Bc4 {[%emt 0:00:05]} Nxe4 {[%emt 0:00:18]} 4. Nc3 {[%emt 0:00:03]}
Nxc3 {[%emt 0:00:06]} 5. bxc3 {[%emt 0:00:03]} Nc6 {[%emt 0:00:08]} 6. d4
{[%emt 0:00:14]} d5 {[%emt 0:00:23]} 7. Bb3 {[%emt 0:00:07]} exd4 {[%emt
0:01:05]} 8. cxd4 {[%emt 0:00:04]} Be7 {[%emt 0:00:18]} 9. O-O {[%emt 0:00:08]}
O-O {[%emt 0:00:13]} 10. Re1 {[%emt 0:00:23]} Bg4 {[%emt 0:00:12]} 11. h3 {
[%emt 0:00:25]} Bh5 {[%emt 0:00:21]} 12. Ba4 {[%emt 0:00:44]} Re8 {[%emt
0:00:26]} 13. Bxc6 {[%emt 0:00:11]} bxc6 {[%emt 0:00:05]} 14. Re5 {[%emt
0:00:06]} Bg6 {[%emt 0:00:20]} 15. Bg5 {[%emt 0:01:57]} f6 {[%emt 0:00:43]} 16.
Bf4 { [%emt 0:00:52]} fxe5 {[%emt 0:00:33]} 17. Bxe5 {[%emt 0:00:06]} Bd6
{[%emt 0:00:19]} 18. Qd2 {[%emt 0:00:07]} c5 {[%emt 0:00:57]} 19. Re1 {[%emt
0:00:08]} Bxe5 {[%emt 0:00:18]} 20. dxe5 {[%emt 0:00:09]} Be4 {[%emt 0:00:35]}
21. Qe3 { [%emt 0:00:56]} Bxf3 {[%emt 0:00:12]} 22. Qxf3 {[%emt 0:00:17]} Rf8
{[%emt 0:00:12]} 23. Qe3 {[%emt 0:00:05]} Qe7 {[%emt 0:00:11]} 24. Qd3 {[%emt
0:00:08]} c6 {[%emt 0:00:08]} 25. Qe3 {[%emt 0:00:10]} Rae8 {[%emt 0:00:17]}
26. f4 { [%emt 0:00:11]} d4 {[%emt 0:00:56]} 27. Qe4 {[%emt 0:00:04]} Qd7
{[%emt 0:00:04]} 28. Kh2 {[%emt 0:00:05]} Qd5 {[%emt 0:00:08]} 29. Qxd5+ {[%emt
0:00:21]} cxd5 {[%emt 0:00:03]} 30. Kg3 {[%emt 0:00:01]} c4 {[%emt 0:00:11]}
31. Kf3 { [%emt 0:00:05]} g6 {[%emt 0:00:10]} 32. h4 {[%emt 0:00:09]} d3 {[%emt
0:00:03]} 33. cxd3 {[%emt 0:00:03]} cxd3 {[%emt 0:00:01]} 34. Rd1 {[%emt
0:00:01]} d4 { [%emt 0:00:08]} 35. Rxd3 {[%emt 0:00:02]} Rd8 {[%emt 0:00:02]}
36. g4 {[%emt 0:00:03]} Rf7 {[%emt 0:00:04]} 37. Ke4 {[%emt 0:00:05]} Rfd7
{[%emt 0:00:07]} 38. f5 {[%emt 0:00:07]} gxf5+ {[%emt 0:00:03]} 39. gxf5 {[%emt
0:00:02]} Rd5 { [%emt 0:00:09]} 40. e6 {[%emt 0:00:30]} R5d6 {[%emt 0:00:06]}
41. Ke5 {[%emt 0:00:09]} Rd5+ {[%emt 0:00:04]} 42. Ke4 {[%emt 0:00:16]} Rc5
{[%emt 0:00:10]} 43. f6 {[%emt 0:00:39]} Rcd5 {[%emt 0:00:10]} 44. e7 {[%emt
0:00:06]} Kf7 {[%emt 0:00:13]} 45. exd8=Q {[%emt 0:00:51]} Rxd8 {[%emt
0:00:02]} 46. Rxd4 {[%emt 0:00:01]} Rxd4+ {[%emt 0:00:01]} 47. Kxd4 {[%emt
0:00:00]} Kxf6 {[%emt 0:00:01]} 48. Kd5 {[%emt 0:00:00]} Ke7 {[%emt 0:00:02]}
49. Kc6 {[%emt 0:00:00]} Kf6 { [%emt 0:00:01]} 50. Kb7 {[%emt 0:00:01]} Kf5
{[%emt 0:00:00]} 51. Kxa7 { [%emt 0:00:01]} Kg4 {[%emt 0:00:00]} 52. Kb6 {[%emt
0:00:01]} Kxh4 {[%emt 0:00:01]} 53. a4 {[%emt 0:00:00]} Kg3 {[%emt 0:00:01]}
54. a5 {[%emt 0:00:00]} h5 { [%emt 0:00:01]} 55. a6 {[%emt 0:00:00]} h4 {[%emt
0:00:00]} 56. a7 {[%emt 0:00:01]} h3 {[%emt 0:00:01]} 57. a8=Q {[%emt 0:00:01]}
h2 {[%emt 0:00:01]} 58. Qg8+ {[%emt 0:00:01]} Kf2 {[%emt 0:00:02]} 59. Qf7+
{[%emt 0:00:01]} Kg2 {[%emt 0:00:02]} 60. Qg6+ {[%emt 0:00:01]} Kf3 {[%emt
0:00:01]} 61. Qf5+ {[%emt 0:00:01] } Kg2 {[%emt 0:00:01]} 62. Qg4+ {[%emt
0:00:01]} Kf2 {[%emt 0:00:02]} 63. Qf4+ {[%emt 0:00:03]} Kg1 {[%emt 0:00:02]}
64. Qg4+ {[%emt 0:00:02]} Kf1 {[%emt 0:00:02]} 65. Qh3+ {[%emt 0:00:02]} Kg1
{[%emt 0:00:01]} 66. Qg3+ {[%emt 0:00:02] } Kh1 {[%emt 0:00:04]} 67. Qf3+
{[%emt 0:00:06]} Kg1 {[%emt 0:00:01]} 68. Qe3+ {[%emt 0:00:02]} Kg2 {[%emt
0:00:03]} 69. Qe2+ {[%emt 0:00:02]} Kg1 {[%emt 0:00:03]} 70. Qe1+ {[%emt
0:00:02]} Kg2 {[%emt 0:00:02]} 71. Qe4+ {[%emt 0:00:03] RhedaerSV004 offers a
draw} Kg1 {[%emt 0:00:05]} 72. Qe3+ {[%emt 0:00:03]} Kg2 {[%emt 0:00:01]} 73.
Qg5+ {[%emt 0:00:04]} Kh1 {[%emt 0:00:03]} 74. Kc5 { [%emt 0:00:02]} 1/2-1/2